000 00254nam a2200109Ia 4500
008 260210s9999 xx 000 0 und d
020 _a9788496969940
100 _aBroto
245 0 _aAd: Smart Interior (Price Printed)
260 _bLinks
942 _cBDES
999 _c14081
_d14081